000 00517nam a22001937a 4500
003 MPLRDC
005 20220104125655.0
008 210129b ||||| |||| 00| 0 eng d
020 _a978-986-134-200-9
082 _a782.886 ZZW
100 _a钟子伟
245 _a十八岁起,你的格局不一样
_c
250 _a初版
260 _a台湾
_b先觉出版股份有限公司
_c2012
300 _b270
490 _a人文思潮 :101
650 _a台湾人物传记--钟子伟
942 _cBK
_o782.886 ZZW
999 _c29238
_d29228